LEADER 01399naa a2200229 u 4500 001 000000094284 003 CaOOAMICUS 005 20070226130137.0 008 010830s1995 fr u000 u eng u 035 $a10900626 040 $aPUL(R)$bita 100 1 $aBernauer, Thomas.$0(OLS)http://pul/name/60628 245 14$aThe Organization for the Prohibition of chemical weapons (OPCW) :$bstructure, functions, and potential deficiencies /$cThomas Bernauer. 260 $a[S. l. :$bs. n.],$c1995. 300 $aP. [331-342] 504 $aBibliografia in nota. 610 24$aOrganization for the prohibition of chemical weapons.$0(OLS)http://pul/subject/30115 650 4$aDisarmo.$0(OLS)http://pul/subject/18878 773 0 $aAcadémie de droit international.$tColloque = Workshop$g1994 773 0 $aAcadémie de droit international.$tLa Convention sur l'interdiction et l'élimination des armes chimiques : une percée dans l'enterprise multilatérale du désarmement : Colloque, La Haye, 24-26 novembre 1994 = The convention of the prohibition and eliminations of chemical weapons : a breakthrough in multilateral disarmament : Workshop, The Hague, 24-26 november 1994$w()61055 996 $6245$aThe Organization for the Prohibition of chemical weapons (OPCW) :$bstructure, functions, and potential deficiencies$9(OLS)http://pul/title/121147 996 $6260$a[S. l. :$bs. n.]$9(OLS)http://pul/publisher/47882 LEADER 01339nam a2200325 a 4500 001 000000165944 003 CaOOAMICUS 005 20180214101101.0 008 180214s2017 it u000 u ita r 020 $a978-88-10-41228-2* 032 $aLibriCat 040 $aPUL$bita 082 04$a230 100 1 $aVergottini, Marco,$d1956-$0(OLS)http://pul/name/64697 245 13$aIl cristiano testimone :$bcongedo dalla teologia del laicato /$cMarco Vergottini ; prefazione di Franco Giulio Brambilla. 260 $aBologna :$bEDB,$c©2017. 300 $a302 p. ;$c21 cm. 490 1 $aNuovi saggi teologici ;$v120 504 $aBibliografia in nota. 650 4$aLaici$xTeologia.$0(OLS)http://pul/subject/9671 830 0$aNuovi saggi teologici ;$v120.$0(OLS)http://pul/title/131917 850 $aPUL 852 $aPUL$W1$xSL Religione 3$y85$m230 COLL 5.1.120$j190426$qDDC 21$B193325$CPULBib$Z2$F193325 $H130286 $81 941 1 $a9 983 0$aCollana Nuovi saggi teologici. 996 $6020$a978-88-10-41228-2*$9(OLS)http://pul/number/163498 996 $6082$a230$9(OLS)http://pul/classification/368 996 $6245$aIl cristiano testimone :$bcongedo dalla teologia del laicato$9(OLS)http://pul/title/205650 996 $6260$aBologna :$bEDB$9(OLS)http://pul/publisher/56073